Statistics for 13 Original American Colonies Map Quiz

Click here to take the quiz!

General Stats

  • This quiz has been taken 24,241 times
    (24,231 since last reset)
  • The average score is 10 of 13

Answers on the Map

Answers color-coded by a green-red scale on the quiz's map according to % correct below.
 

Answer Stats

Answer% Correct
New York
85%
Georgia
82%
North Carolina
82%
South Carolina
82%
Pennsylvania
80%
Maryland
79%
Rhode Island
76%
Virginia
76%
Delaware
73%
Massachusetts
73%
New Jersey
73%
Connecticut
72%
New Hampshire
71%

Score Distribution

Percentile by Number Answered

Percent of People with Each Score

Your Score History

You have not taken this quiz since the last reset